| 000 | 01951nam0a2200349 4500 | ||
|---|---|---|---|
| 001 | RU\NLR\bibl\1097941 | ||
| 005 | 20241119164826.0 | ||
| 020 |
_aRU _b06-22761 _9Летопись авторефератов диссертаций |
||
| 021 |
_aRU _b2006-18603а _9745а |
||
| 035 | _a(NLR Aleph) 001085047 | ||
| 090 |
_a1082687 _c1082687 |
||
| 100 | _a20061214d2006 u u0rusy50 ca | ||
| 101 | 0 | _arus | |
| 102 | _aRU | ||
| 105 | _aa dm ||||| | ||
| 200 | 1 |
_aИнвестирование промышленных зон в муниципальных образованиях _e(на примере Истринского муниципального района Московской области) _eавтореф. дис. на соиск. учен. степ. канд. экон. наук _eспециальность 08.00.05 <Экономика и упр. нар. хоз-вом> _fКолупаев Роман Владимирович _g[Рос. экон. акад. им. Г. В. Плеханова] |
|
| 210 |
_aМосква _d2006 |
||
| 215 |
_a20 с. _cил. _d21 |
||
| 320 | _aБиблиогр.: с. 19-20 (7 назв.) | ||
| 610 | 0 | _aИстринский р-н, Моск. обл., экон. науки | |
| 675 |
_a330.322(470.311) _v3 _zrus |
||
| 686 |
_a06 _2rugasnti |
||
| 686 |
_a65.01 _2rubbk |
||
| 686 |
_a08.00.05 _2oksvnk |
||
| 700 | 1 |
_aКолупаев _bР. В. _gРоман Владимирович _4070 |
|
| 801 | 0 |
_aRU _bRKP _c20061214 _gPSBO |
|
| 801 | 1 |
_aRU _bRKP _c20061214 |
|
| 801 | 2 |
_aRU _bNLR _c20070613 _grcr |
|
| 901 | _eАвторефераты | ||
| 942 | _cBOOK | ||
| 981 | 1 | 0 |
_a(10) Авторефераты _b(10) 08.00.00 Экономические науки _b08.00.05 Экономика и управление народным хозяйством (по отраслям и сферам деятельности) |